000 00382nam a2200157Ia 4500
008 230524s9999 xx 000 0 und d
082 _a174.4
_bSRI
100 _aR.Srinivasan
245 0 _aServices Marketing: The Indian Context
250 _aIST
260 _aNEW DELHI
_bPHI
_c2009
300 _aXII;267
500 _aQuantity Number: 4
650 _aManagement
942 _cBK
999 _c45159
_d45159